00696nam a2200181 a 450000100100000000500170001000800410002702000150006804000250008308200080010810000310011624500670014726000540021430000210026850001000028995201080038999900170049700003982020201002033743.0130723s1996 ck 000 0 spa d a958913601X aDO-SdBNPbspacBNPHU axxx1 aGalvis Ortiz, Ligia96601410aComprensión de los derechos humanos /cLigia Galvis Ortíz. aSantafé de Bogotá, Colombia :bAurora,c1996. a357 p. ;c25 cm. aHacia una cultura de los derechos humanos:Historia, legislación y protección internacional. 001050718MOaGRbGRcCTd2013-07-23iLF1l0oxxx p39820-10r2020-06-25w2020-06-25y1ZNo se presta c39310d39310